header

Riding on a tiger : an autobiography (Record no. 257494)

MARC details
000 -LEADER
fixed length control field 00454nam a22001577a 4500
003 - CONTROL NUMBER IDENTIFIER
control field OSt
005 - DATE AND TIME OF LATEST TRANSACTION
control field 20190222113208.0
008 - FIXED-LENGTH DATA ELEMENTS--GENERAL INFORMATION
fixed length control field 190222b xxu||||| |||| 00| 0 eng d
020 ## - INTERNATIONAL STANDARD BOOK NUMBER
International Standard Book Number 9789966349910
040 ## - CATALOGING SOURCE
Transcribing agency N/A
050 ## - LIBRARY OF CONGRESS CALL NUMBER
Classification number DT433.582
Item number .A96 A96 2017
100 ## - MAIN ENTRY--PERSONAL NAME
Personal name Awori, Moody (Arthur Moody),
Dates associated with a name 1927-
245 ## - TITLE STATEMENT
Title Riding on a tiger : an autobiography
260 ## - PUBLICATION, DISTRIBUTION, ETC. (IMPRINT)
Place of publication, distribution, etc Nairobi, Kenya
Name of publisher, distributor, etc : Moran (E.A.) Publishers Limited,
Date of publication, distribution, etc 2017.
942 ## - ADDED ENTRY ELEMENTS (KOHA)
Source of classification or shelving scheme Library of Congress Classification
Koha item type Long Loan Books

No items available.

© 2026 Rongo University
Contact us: librarian | system librarian | Rongo university